<?xml version="1.0" encoding="UTF-8"?><?xml-stylesheet type="text/xsl" href="static/style.xsl"?><OAI-PMH xmlns="http://www.openarchives.org/OAI/2.0/" xmlns:xsi="http://www.w3.org/2001/XMLSchema-instance" xsi:schemaLocation="http://www.openarchives.org/OAI/2.0/ http://www.openarchives.org/OAI/2.0/OAI-PMH.xsd"><responseDate>2026-04-27T20:06:30Z</responseDate><request verb="GetRecord" identifier="oai:uvadoc.uva.es:10324/3961" metadataPrefix="marc">https://uvadoc.uva.es/oai/request</request><GetRecord><record><header><identifier>oai:uvadoc.uva.es:10324/3961</identifier><datestamp>2023-04-20T07:59:52Z</datestamp><setSpec>com_10324_38</setSpec><setSpec>col_10324_852</setSpec></header><metadata><record xmlns="http://www.loc.gov/MARC21/slim" xmlns:doc="http://www.lyncode.com/xoai" xmlns:xsi="http://www.w3.org/2001/XMLSchema-instance" xmlns:dcterms="http://purl.org/dc/terms/" xsi:schemaLocation="http://www.loc.gov/MARC21/slim http://www.loc.gov/standards/marcxml/schema/MARC21slim.xsd">
<leader>00925njm 22002777a 4500</leader>
<datafield tag="042" ind1=" " ind2=" ">
<subfield code="a">dc</subfield>
</datafield>
<datafield tag="720" ind1=" " ind2=" ">
<subfield code="a">Clemente Rebaque, Elisa</subfield>
<subfield code="e">author</subfield>
</datafield>
<datafield tag="260" ind1=" " ind2=" ">
<subfield code="c">2013</subfield>
</datafield>
<datafield tag="520" ind1=" " ind2=" ">
<subfield code="a">Para el logro de los aprendizajes fundamentales que se producen en la Educación Infantil, un instrumento fundamental es el lenguaje oral. Con él, el niño/a, construirá el conocimiento del mundo que le rodea, expresara sentimientos, imaginará, interactuará con los demás, soñará…&#xd;
Por ello, el presente Trabajo de Fin de Grado pretende, en un primer momento, mostrar las diferentes teorías de la adquisición y el desarrollo del lenguaje para, en segundo lugar, proponer una programación didáctica para el primer curso del segundo ciclo de Educación Infantil; programación integrada por un conjunto de actividades para el desarrollo del nivel fonético-fonológico, morfosintáctico, léxico-semántico y pragmático, con el fin de estimular la lengua oral y favorecer con ello la competencia comunicativa del alumnado.</subfield>
</datafield>
<datafield tag="024" ind2=" " ind1="8">
<subfield code="a">http://uvadoc.uva.es/handle/10324/3961</subfield>
</datafield>
<datafield ind1=" " ind2=" " tag="653">
<subfield code="a">Niños - Lenguaje - Estudio y enseñanza</subfield>
</datafield>
<datafield ind1=" " ind2=" " tag="653">
<subfield code="a">Lenguaje - Adquisición</subfield>
</datafield>
<datafield tag="245" ind1="0" ind2="0">
<subfield code="a">La estimulación de la lengua oral en Educación Infantil</subfield>
</datafield>
</record></metadata></record></GetRecord></OAI-PMH>